000 00305nam a22001337a 4500
008 260211b ||||| |||| 00| 0 eng d
020 _a9788847736771
041 _aital
080 _a0.3
100 _a20
101 _aital
245 _aClassicini i promessi sposi
_cRoberto Piumini
942 _2lcc
_cBK
999 _c60786
_d60786